000 00469nam a22001097a 4500
100 _aSathik, M.B.M.
245 _aFunctional genomics
260 _bIn: Recent Advances in Molecular Biology and Biotechnology: DBT Skill Vigyan State Partnership Programme Faculty Training 2024. (Comp. C. Bindu Roy). 6-19 March 2024, Rubber Research Institute of India, Kottayam, India, pp. 77-91. Lab Manual
650 _aFunctional genomics
650 _aGene expression
942 _cAR
999 _c75459
_d75459